ฝรั่งเศสวางแผนยึดภาคอิสาน (ระเบียนเลขที่ 1328)
| 000 -LEADER | |
|---|---|
| fixed length control field | 00886nam a22002177a 4500 |
| 005 - DATE AND TIME OF LATEST TRANSACTION | |
| control field | 20251125232736.0 |
| 008 - FIXED-LENGTH DATA ELEMENTS--GENERAL INFORMATION | |
| fixed length control field | s2519 th tha d |
| 040 ## - CATALOGING SOURCE | |
| Original cataloging agency | NALT |
| 041 ## - LANGUAGE CODE | |
| Language code of text/sound track or separate title | tha |
| 050 ## - LIBRARY OF CONGRESS CALL NUMBER | |
| Classification number | DS575.5 ฝ5ม6 |
| 100 0# - MAIN ENTRY--PERSONAL NAME | |
| Personal name | มานิจ ชุมสาย, ม. ล. |
| 245 10 - TITLE STATEMENT | |
| Title | ฝรั่งเศสวางแผนยึดภาคอิสาน |
| 260 3# - PUBLICATION, DISTRIBUTION, ETC. | |
| Place of publication, distribution, etc. | ม.ป.ท. : |
| Name of publisher, distributor, etc. | เฉลิมนิจ, |
| Date of publication, distribution, etc. | 2519 |
| 300 ## - PHYSICAL DESCRIPTION | |
| Extent | 175 หน้า |
| 650 04 - SUBJECT ADDED ENTRY--TOPICAL TERM | |
| Topical term or geographic name entry element | ไทย -- ความสัมพันธ์กับต่างประเทศ -- ฝรั่งเศส |
| 650 04 - SUBJECT ADDED ENTRY--TOPICAL TERM | |
| Topical term or geographic name entry element | ไทย -- ประวัติศาสตร์ -- กรุงรัตนโกสินทร์ -- รัชกาลที่ 6 |
| 850 ## - HOLDING INSTITUTION | |
| Holding institution | NALT |
| 856 40 - ELECTRONIC LOCATION AND ACCESS | |
| Uniform Resource Identifier | <a href="https://hdl.handle.net/20.500.14156/371936">https://hdl.handle.net/20.500.14156/371936</a> |
| -- | 1 |
| 942 ## - ADDED ENTRY ELEMENTS (KOHA) | |
| Koha item type | General Book |
| Source of classification or shelving scheme | Library of Congress Classification |
| Withdrawn status | Lost status | Damaged status | Not for loan | Collection code | Home library | Current library | Total Checkouts | Full call number | Barcode | Date last seen | Price effective from | Koha item type |
|---|---|---|---|---|---|---|---|---|---|---|---|---|
| General Book collection | National Assembly Library of Thailand | National Assembly Library of Thailand | DS 575.5 ฝ5ม6 | 3961101561 | 09/06/2017 | 09/06/2017 | General Book |
